000 00299nam a22001217a 4500
008 180514b xxu||||| |||| 00| 0 eng d
041 _aeng
080 _a043.3
100 _a0
101 _aSHKI-BTH
245 _aUeb sherbimet, krahasimi ne mes ASP.NET dhe J2EE
_cPrebreza,B
942 _2udc
_cBK
999 _c45738
_d45738